Тест на общие знания №8 - Statistics

General Stats
  • This quiz has been taken 66 times
  • The average score is 9 of 20
Answer Stats
Вопрос Ответ % Correct
Если отпилить угол четырёхугольного стола, сколько углов у него будет после этого? 5
88%
Слоган какой сладости гласит: "Дотянись до радуги - попробуй радугу!"? Skittles
84%
Что в игре "Твистер" нужно переставлять на игровом поле? руки и ноги
78%
Что означает третья буква "С" в аббревиатуре СССР? социалистических
73%
Назовите текстовый редактор для работы с таблицами, входящий в пакет Microsoft Office? Microsoft Excel
73%
Какой предмет используют в своём ремесле кузнецы, и который для комичного эффекта может упасть на голову мультипликационному персонажу? наковальня
67%
В I веке н.э. под пеплом Везувия были похоронены два римских города. Первым был Геркуланум, а как назывался второй? Помпеи
59%
Кого впервые сыграли Василий Ливанов в 1979-м и Бенедикт Камбербэтч в 2010-м годах? Шерлок Холмс
59%
Какой предмет изучали Гаусс, Ферма и Пуанкаре? математика
49%
Какое боевое искусство появилось на архипелаге Окинава? каратэ
47%
Какое природное явление описывается в "Слове о полку Игореве" как "Подивился Игорь на светило: Середь бела-дня ночная тень ополченья русские покрыла..." солнечное затмение
45%
Что такое променад? прогулка
39%
Какой кинорежиссёр известен сотрудничеством с Джонни Деппом и Хеленой Бонэм Картер? Тим Бёртон
29%
Алфавит какой страны в разное время был арабским, латинским и кириллическим? Казахстан
20%
Кто такие Камилла, Ирма и Катрина? ураганы
18%
Чего вы боитесь, если у вас есть акрофобия? высота
14%
Какой президент изображён на купюре номиналом в 10 долларов США? Александр Гамильтон
10%
В чьих песнях слово "любовь" упоминается более 600 раз? The Beatles
10%
Какой цветок изображён на гербе Японии и олицетворяет восходящее солнце? хризантема
8%
Самое высокое здание какой страны названо в честь короля Мухаммеда VI? Марокко
4%
No matching quizzes found
Score Distribution
Percent of People with Each Score
Percentile by Number Answered
Your Score History
You have not taken this quiz